000 00499nam a22001937a 4500
003 CEME
005 20210628205209.0
008 210204b xxu||||| |||| 00| 0 eng d
020 _a81-203-1132-9
040 _c.
082 _a621 BUR'M
100 _aCheatham, J. B Burr, Arther H
_974381
245 _aMechanical analysis of design
250 _a2ND
260 _aNEWDELHI
_bPRENTICE HALL
_c1997
300 _aXXIX, 882P
650 _aMECHANICAL ANALYSIS OF DESIGN
_974382
942 _cBK
_2ddc
999 _c579917
_d579917